|
|
|
|
| LEADER |
01882nam a2200457 a 4500 |
| 001 |
000534913 |
| 003 |
CZ BrMZK |
| 005 |
20050103150650.0 |
| 007 |
ta |
| 008 |
010907s2000 xr e p cze d |
| 015 |
|
|
|a cnb000976188
|
| 020 |
|
|
|a 80-214-1694-7
|
| 035 |
|
|
|a (OCoLC)44525545
|
| 040 |
|
|
|a BOA001
|b cze
|
| 072 |
|
7 |
|a 658
|x Řízení a správa podniku
|2 Konspekt
|9 4
|
| 072 |
|
7 |
|a 37.016
|x Učební osnovy. Vyučovací předměty. Učebnice
|2 Konspekt
|9 22
|
| 080 |
|
|
|a 658
|2 MRF
|
| 080 |
|
|
|a 005.32
|2 MRF
|
| 080 |
|
|
|a 316.46/.47
|2 MRF
|
| 080 |
|
|
|a (075.8)
|2 MRF
|
| 100 |
1 |
|
|a Lukášová, Růžena,
|d 1958-
|7 jn20001227536
|4 aut
|
| 245 |
1 |
0 |
|a Organizace a lidé /
|c Růžena Lukášová, Karel Rais
|
| 246 |
3 |
1 |
|a Organisation and people
|
| 250 |
|
|
|a Vyd. 4.
|
| 260 |
|
|
|a Brno :
|b PC-DIR Real,
|c 2000
|
| 300 |
|
|
|a 82 s. ;
|c 21 cm
|
| 490 |
1 |
|
|a Studijní text pro studium BA Hons
|
| 500 |
|
|
|a Souběž. náz. angl. - Vyd. Vysoké učení techn. v Brně. - Určeno pro posl. Fak. podnikatelské. - Bibliogr.
|
| 650 |
0 |
7 |
|a podnikový management
|7 ph115763
|2 czenas
|
| 650 |
0 |
7 |
|a psychologie řízení
|7 ph136831
|2 czenas
|
| 650 |
0 |
7 |
|a organizační chování
|7 ph115603
|2 czenas
|
| 650 |
0 |
7 |
|a řídící práce
|7 ph128306
|2 czenas
|
| 655 |
|
7 |
|a učebnice vysokých škol
|7 fd133772
|2 czenas
|
| 700 |
1 |
|
|a Rais, Karel,
|d 1949-
|7 jn20001227537
|4 aut
|
| 710 |
2 |
|
|a Vysoké učení technické v Brně.
|b Podnikatelská fakulta
|7 kn20010709420
|
| 830 |
|
0 |
|a Studijní text pro studium BA Hons
|
| 910 |
|
|
|a BOA001
|b 2-1077.504
|
| 990 |
|
|
|a BK
|
| 996 |
6 |
|
|b 2610121832
|c 2-1077.504
|l MZK
|r Sklad / do 1 hodiny
|n 0
|p p.v.
|w 000534913
|u 000010
|a 1
|e BOA001
|j MZK50
|s P
|
| 996 |
7 |
|
|b 2610124806
|c 2-1077.504
|l MZK
|r Sklad / do 1 hodiny
|n 26
|p kup
|w 000534913
|u 000020
|a 1
|e BOA001
|j MZK50
|s A
|
| 996 |
7 |
|
|b 2610124807
|c 2-1077.504
|l MZK
|r Sklad / do 1 hodiny
|n 19
|p kup
|w 000534913
|u 000030
|a 1
|e BOA001
|j MZK50
|s A
|